| 000 | 01313cam a2200277Ma 4500 | ||
|---|---|---|---|
| 005 | 20100726125122.0 | ||
| 008 | 070116s2006 fr 000 0 fre d | ||
| 020 | _a9287159793 | ||
| 020 | _a9789287159793 | ||
| 035 | _a(OCoLC)424007996 | ||
| 082 | 1 |
_a363.706 2 _222 |
|
| 245 | 0 | 0 |
_aManuel sur les droits de l'homme et l'environnement : _bprincipes tirés de la jurisprudence de la Cour européenne des Droits de l'homme. |
| 260 |
_aStrasbourg : _bÉditions du Conseil de l'Europe, _c2006. |
||
| 300 |
_a89 p. : _bill. |
||
| 500 | _aPublié aussi en anglais sous le titre: Manual on human rights and the environment : principles emerging from the case-law of the European Court of Human Rights. | ||
| 650 | 6 |
_aEnvironnement _xÉvaluation du risque _xDroit _zEurope. |
|
| 650 | 6 |
_aResponsabilité environnementale _zEurope. |
|
| 650 | 6 |
_aJustice environnementale _xAspect politique _zEurope. |
|
| 650 | 6 |
_aDroits de l'homme (Droit international) _zEurope. |
|
| 610 | 2 | 7 |
_aCour européenne des droits de l'homme _xJurisprudence. _2ram |
| 650 | 7 |
_aEnvironnement _xProtection _zPays de l'Union européenne. _2ram |
|
| 650 | 7 |
_aEnvironnement _xDroit européen. _2ram |
|
| 650 | 7 |
_aDroits de l'homme (droit européen) _2ram |
|
| 710 | 2 | _aCour européenne des droits de l'homme. | |
| 710 | 2 | _aConseil de l'Europe. | |
| 999 |
_c384 _d384 |
||